000 00698cam a22002174a 4500
020 _a0807829196
020 _a0807855855
020 _a9780807855850
040 _cDLC
082 0 0 _a363 UNC 2005 C148 Or.
100 1 _aSchoen, Johanna.
245 1 0 _aChoice & coercion :
_bbirth control, sterilization, and abortion in public health and welfare /
260 _aChapel Hill :
_bUniversity of North Carolina Press,
_cc2005.
300 _axiv, 331 p. :
_bill. ;
_c25 cm.
490 1 _aGender and American culture
650 0 _aBirth control
650 0 _aInvoluntary sterilization
650 0 _aAbortion
856 4 1 _uhttp://www.loc.gov/catdir/toc/ecip0420/2004017632.html
942 _cAEDBB
999 _c18607
_d18607